Statistics for 2017-18 PFA Team Of The Year

Click here to take the quiz!

General Stats

  • This quiz has been taken 23 times
  • The average score is 10 of 11

Answer Stats

PosClubAnswer% Correct
GKMan UtdDavid De Gea
100%
DEFMan CityKyle Walker
100%
MIDMan CityDavid Silva
100%
FWTottenhamHarry Kane
100%
FWMan CitySergio Aguero
100%
MIDTottenhamChristian Eriksen
95%
DEFTottenhamJan Vertonghen
91%
MIDLiverpoolMohamed Salah
91%
MIDMan CityKevin De Bruyne
86%
DEFMan CityNicolas Otamendi
82%
DEFChelseaMarcos Alonso
82%

Score Distribution

Percentile by Number Answered

Percent of People with Each Score

Your Score History

You have not taken this quiz